Iggy pig's big bad wolf trouble / (Record no. 7865)

MARC details
000 -LEADER
fixed length control field 01123nam a22003017a 4500
001 - CONTROL NUMBER
control field 7865
003 - CONTROL NUMBER IDENTIFIER
control field FISKH
005 - DATE AND TIME OF LATEST TRANSACTION
control field 20250812113430.0
008 - FIXED-LENGTH DATA ELEMENTS--GENERAL INFORMATION
fixed length control field 250812b cb ||||| |||| 00| 0 eng d
020 ## - INTERNATIONAL STANDARD BOOK NUMBER
International Standard Book Number 043945588x
040 ## - CATALOGING SOURCE
Original cataloging agency FISKH
Language of cataloging eng
Transcribing agency FISKH
Modifying agency FISKH
050 ## - LIBRARY OF CONGRESS CALL NUMBER
Classification number PZ7.F88917 I
082 ## - DEWEY DECIMAL CLASSIFICATION NUMBER
Classification number 870
100 ## - MAIN ENTRY--PERSONAL NAME
Personal name French, Vivian
245 ## - TITLE STATEMENT
Title Iggy pig's big bad wolf trouble /
Statement of responsibility, etc. Vivian French ; Illustrated by David Melling
250 ## - EDITION STATEMENT
Edition statement This edition first published in 2003
260 ## - PUBLICATION, DISTRIBUTION, ETC.
Place of publication, distribution, etc. London :
Name of publisher, distributor, etc. Scholastic,
Date of publication, distribution, etc. 1998
300 ## - PHYSICAL DESCRIPTION
Extent 42 pages :
Other physical details illustrations ;
Dimensions 20 cm
505 ## - FORMATTED CONTENTS NOTE
Formatted contents note G<br/>
520 ## - SUMMARY, ETC.
Summary, etc. Iggy Pig's Big Bad Wolf Trouble is about Iggy, a small pig who faces off against a big, scary wolf. Instead of being scared, Iggy uses his smarts to outwit the wolf and keep himself safe. It’s a fun and clever story about bravery and problem-solving, perfect for young readers.<br/>
521 8# - TARGET AUDIENCE NOTE
Target audience note 400<br/>
Source Lexile<br/>
521 8# - TARGET AUDIENCE NOTE
Target audience note G<br/>
Source Raz-Plus<br/>
650 ## - SUBJECT ADDED ENTRY--TOPICAL TERM
Source of heading or term Writing workshop
Topical term or geographic name entry element Animal characters
650 ## - SUBJECT ADDED ENTRY--TOPICAL TERM
Source of heading or term Pigs
Topical term or geographic name entry element Fairy tales
700 ## - ADDED ENTRY--PERSONAL NAME
Personal name Melling, David
Dates associated with a name illustrator
942 ## - ADDED ENTRY ELEMENTS (KOHA)
Source of classification or shelving scheme Dewey Decimal Classification
Koha item type Books
Suppress in OPAC No
Holdings
Withdrawn status Lost status Source of classification or shelving scheme Damaged status Not for loan Collection Home library Current library Shelving location Date acquired Total Checkouts Full call number Barcode Date last seen Copy number Price effective from Koha item type
    Dewey Decimal Classification     Juvenile Fiction Footprints International School Library Network Toul Tom Poung Campus Footprints International School Library Network Toul Tom Poung Campus TTP Primary Dark Blue Bookshelves 08/12/2025   FRE 870 PZ7.F88917 I FIS00471 08/12/2025 1 08/12/2025 Books